00517nam a22001697a 450000500170000001000150001702000260003203500140005803700130007208200080008510000200009324500640011326000570017727000760023430000190031070000180032920230405102919.0 aENG-136565 a9789356068001c629.00 aEN-120097 bDBAB/PUB a510 aJeyabharathi, S aMatrices And Calculus /cBy S Jeyabharathi and P.Jayachitra aNoidabPearson India EducationServices Pvt Ltdc2023 aIst Floor, Berger Tower , Plot No C-001A/2, Sector 16B bNoidae201301 avp.c23cm(pbk) aJayachitra, P